| 000 | 00705nam2a2200205 4500 | ||
|---|---|---|---|
| 001 | RU\NLR\PER_A\011437403_000310 | ||
| 005 | 20250803043806.0 | ||
| 035 | _a(NLR Aleph) 022588734 | ||
| 090 |
_a13456361 _c13456361 |
||
| 100 | _a20250520d2024 |||y0rusy50 ca | ||
| 101 | 0 | _arus | |
| 102 | _aRU | ||
| 200 | 0 | _a2024, № 2 | |
| 210 | _d2024 | ||
| 461 | 0 |
_1001RU\NLR\BIBL_A\011437403 _12001#$aФармакогенетика и фармакогеномика$v2024, № 2 _911682432 _c[Москва] _d2015 - _nИзд-во ОКИ _tФармакогенетика и фармакогеномика _x2686-8849 _v2024, № 2 |
|
| 852 |
_aNLR _jП17/1760 |
||
| 942 | _cISSUE | ||
| 980 | _aRUSPER | ||
| 980 | _aNB | ||